[Event "Roncana op-C 10th"]
[Site "Santa Eulalia de Roncana"]
[Date "2016.10.22"]
[Round "5"]
[White "Fernandez Raya, Pablo"]
[Black "Lajarin Rallo, Oscar"]
[Result "0-1"]
[WhiteElo "1254"]
[BlackElo "1500"]
[PlyCount "54"]
[EventDate "2016.09.24"]
[EventType "swiss"]
[EventRounds "8"]
[EventCountry "ESP"]
[SourceTitle "EXT 2022"]
[Source "ChessBase"]
[SourceDate "2021.10.06"]
[SourceVersion "1"]
[SourceVersionDate "2021.10.06"]
[SourceQuality "1"]

1. e4 e5 2. Bc4 Nc6 3. Nf3 Bc5 4. 0-0 Nf6 5. Nc3 0-0 6. Bd5 Nxd5 7. exd5 Ne7 8. Nxe5 d6 9. Nc4 Nf5 10. a3 Bd7 11. b4 Bd4 12. Re1 Bb5 13. d3 Bxc3 14. Bd2 Bxa1 15. Qxa1 Nd4 16. Qxd4 b6 17. a4 Bxa4 18. Ra1 Bxc2 19. Ne3 Bb3 20. Nf5 f6 21. Ra3 c5 22. Qc3 Bxd5 23. Kf1 Be6 24. bxc5 dxc5 25. Be3 Bxf5 26. Ra4 Qd7 27. h4 Qxa4 0-1